000 00234nam a22001097a 4500
003 SGT
082 _a346.0134
_bR24R
100 _aRAI AKANSHA
245 _aREPRODUCTIVE RIGHTS OF WOMEN IN INDIA
653 _aPHD(LAW)
942 _2ddc
_cTH
999 _c32450
_d32450